<?xml version="1.0" encoding="UTF-8"?>
<record
    xmlns:xsi="http://www.w3.org/2001/XMLSchema-instance"
    xsi:schemaLocation="http://www.loc.gov/MARC21/slim http://www.loc.gov/standards/marcxml/schema/MARC21slim.xsd"
    xmlns="http://www.loc.gov/MARC21/slim">

  <leader>03559nam a2200313 a 4500</leader>
  <controlfield tag="001">000021146</controlfield>
  <controlfield tag="003">DO-SdBPM</controlfield>
  <controlfield tag="005">20260216121344.0</controlfield>
  <controlfield tag="007">ta</controlfield>
  <controlfield tag="008">100901t1978    dr ac   r     001 0 spa d</controlfield>
  <datafield tag="040" ind1=" " ind2=" ">
    <subfield code="a">DO-SdBPM</subfield>
    <subfield code="b">spa</subfield>
    <subfield code="c">BPMSU </subfield>
    <subfield code="d">rda</subfield>
  </datafield>
  <datafield tag="082" ind1=" " ind2="4">
    <subfield code="a">796.522</subfield>
    <subfield code="b">A457r, 1978</subfield>
    <subfield code="2">22</subfield>
  </datafield>
  <datafield tag="245" ind1="0" ind2="3">
    <subfield code="a">El alpinismo en la Rep&#xFA;blica Dominicana /</subfield>
    <subfield code="c">publicado por ML de Js Tavares, Sucs. ; proemio Dr. Federico L. Lithgow.</subfield>
  </datafield>
  <datafield tag="246" ind1="1" ind2="4">
    <subfield code="a">El alpinismo en Santo Domingo</subfield>
  </datafield>
  <datafield tag="264" ind1=" " ind2=" ">
    <subfield code="a">Santo Domingo :</subfield>
    <subfield code="b">Editora de Santo Domingo,</subfield>
    <subfield code="c">1978.</subfield>
  </datafield>
  <datafield tag="300" ind1=" " ind2=" ">
    <subfield code="a">349 p :&#xE1;ginas </subfield>
    <subfield code="b">ilustraciones, retratos. ;</subfield>
    <subfield code="c">24 cm.</subfield>
  </datafield>
  <datafield tag="336" ind1=" " ind2=" ">
    <subfield code="a">texto</subfield>
    <subfield code="b">txt</subfield>
    <subfield code="2">rdacontent</subfield>
  </datafield>
  <datafield tag="337" ind1=" " ind2=" ">
    <subfield code="a">sin mediaci&#xF3;n</subfield>
    <subfield code="b">n</subfield>
    <subfield code="2">rdamedia</subfield>
  </datafield>
  <datafield tag="338" ind1=" " ind2=" ">
    <subfield code="a">volumen</subfield>
    <subfield code="b">nc</subfield>
    <subfield code="2">rdacarrier</subfield>
  </datafield>
  <datafield tag="504" ind1=" " ind2=" ">
    <subfield code="a">Incluye bibliograf&#xED;a y notas al pie de p&#xE1;ginas.</subfield>
  </datafield>
  <datafield tag="505" ind1="0" ind2=" ">
    <subfield code="g">Concurso de Alpinismo :</subfield>
    <subfield code="t">Promesa complida --</subfield>
    <subfield code="t">Proemio --</subfield>
    <subfield code="t">Carta de Constancio Bernaldo de Quir&#xF3;s --</subfield>
    <subfield code="t">Cartas de Ml. A. Tavares Julia --</subfield>
    <subfield code="g">Primer anuncio del concurso --</subfield>
    <subfield code="g">Editorial de la Informaci&#xF3;n --</subfield>
    <subfield code="t">Suelto informativo de La Naci&#xF3;n --</subfield>
    <subfield code="t">Editorial de La Naci&#xF3;n --</subfield>
    <subfield code="t">Concurso de subida al Pico Trujillo --</subfield>
    <subfield code="t">Rasgos de alpinistas y alpinismo --</subfield>
    <subfield code="t">Las ciguapas --</subfield>
    <subfield code="t">Alpinistas en La Pelona --</subfield>
    <subfield code="t">Instrucciones suministradas --</subfield>
    <subfield code="t">Partes telegr&#xE1;ficos --</subfield>
    <subfield code="t">Actas de fundaci&#xF3;n del Club de Alpinismo Dominicano --</subfield>
    <subfield code="t">Relaci&#xF3;n (Ing. Luper&#xF3;n Flores, Dr. Alberto Garc&#xED;a Godoy y Dr. Federico W. Lithgow) --</subfield>
    <subfield code="t">Relaci&#xF3;n (grupo dirigido por Sebasti&#xE1;n Alfonso Mera) --</subfield>
    <subfield code="t">Relaci&#xF3;n (Ulises Franco Fondeur y Guillermo Dalmau Febles) --</subfield>
    <subfield code="t">Relaci&#xF3;n (grupo dirigido por el Br. Luis Emilio Tavares Santalises) --</subfield>
    <subfield code="t">Relaci&#xF3;n (grupo dirigido por Jos&#xE9; Herrera) --</subfield>
    <subfield code="t">Relaci&#xF3;n (Rafael Marcelino, Mart&#xED;n Ortiz, Julio Espino y Pomponio Echavarr&#xED;a) --</subfield>
    <subfield code="t">Mensajes telegr&#xE1;ficos --</subfield>
    <subfield code="t">Reparto del Premio (carta de Ml. de Js. Tavares Sucs.) --</subfield>
    <subfield code="g">Deporte y ciencia geogr&#xE1;fica :</subfield>
    <subfield code="t">El culto de las monta&#xF1;as /</subfield>
    <subfield code="r">C. Bernaldo de Quir&#xF3;s --</subfield>
    <subfield code="t">El alpinismo /</subfield>
    <subfield code="r">C. Bernaldo de Quir&#xF3;s --</subfield>
    <subfield code="t">Excursionismo dominicano /</subfield>
    <subfield code="r">C. Bernaldo de Quir&#xF3;s --</subfield>
    <subfield code="t">Una vista al Valle de Constanza /</subfield>
    <subfield code="r">R. H. Schomburgk --</subfield>
    <subfield code="t">Visit to the Valley of Constanza /</subfield>
    <subfield code="r">R. H. Schomburgk --</subfield>
    <subfield code="t">El Bar&#xF3;n de Eggers y la exploraci&#xF3;n bot&#xE1;nica de Constanza y Valle Nuevo /</subfield>
    <subfield code="r">Carlos E. Chard&#xF3;n --</subfield>
    <subfield code="t">Una excursi&#xF3;n a la Cordillera Central en la l&#xED;nea noroeste /</subfield>
    <subfield code="r">Carlos Gonz&#xE1;lez N. --</subfield>
    <subfield code="t">Una noche en Rancho Ram&#xF3;n /</subfield>
    <subfield code="r">Federico W. Lithgow --</subfield>
    <subfield code="t">Una excursi&#xF3;n al Pico de la Sabana Alta /</subfield>
    <subfield code="r">Federico W. Lithgow --</subfield>
    <subfield code="t">Una excursi&#xF3;n al Monte Tina /</subfield>
    <subfield code="r">Federico W. Lithgow --</subfield>
    <subfield code="t">Excursi&#xF3;n al Valle del Bao /</subfield>
    <subfield code="r">Alberto Lugo.</subfield>
  </datafield>
  <datafield tag="505" ind1="0" ind2=" ">
    <subfield code="g">Exploraciones y misterio :</subfield>
    <subfield code="t">La verdad del misterioso Valle Encantado /</subfield>
    <subfield code="r">An&#xED;bal Basilis --</subfield>
    <subfield code="t">Pico Trujillo, La Pelona y La Rusilla /</subfield>
    <subfield code="r">Juan B. P&#xE9;rez, Miguel Canela L&#xE1;zaro --</subfield>
    <subfield code="t">Una excursi&#xF3;n al Maciso del Yaque /</subfield>
    <subfield code="r">Juan B. P&#xE9;rez, Miguel Canela L&#xE1;zaro --</subfield>
    <subfield code="t">En busca del Monte Tina /</subfield>
    <subfield code="r">E. L. Eckman --</subfield>
    <subfield code="t">Algo m&#xE1;s sobre el Monte Tina y el Valle Encantado /</subfield>
    <subfield code="r">Juan B. P&#xE9;rez --</subfield>
    <subfield code="t">Una excursi&#xF3;n a La Pelada /</subfield>
    <subfield code="r">Juan Ulises Garc&#xED;a Bonelly --</subfield>
    <subfield code="t">La verdad sobre La Loma Tina /</subfield>
    <subfield code="r">Casimiro G&#xF3;mez --</subfield>
    <subfield code="t">Una excursi&#xF3;n al Monte Tina (Editorial de La Opini&#xF3;n) --</subfield>
    <subfield code="t">Excursi&#xF3;n a La Rusilla /</subfield>
    <subfield code="r">Federic Schad --</subfield>
    <subfield code="t">R&#xED;o dominicano desconocido y Salto de agua ignorado (Editorial La Naci&#xF3;n) --</subfield>
    <subfield code="t">Pico Trujillo, la monta&#xF1;a m&#xE1;s alta de Las Antillas /</subfield>
    <subfield code="r">Ing. Juan Ulises Garc&#xED;a Bonnelly.</subfield>
  </datafield>
  <datafield tag="590" ind1=" " ind2=" ">
    <subfield code="a">Inventariado, 2026VM</subfield>
  </datafield>
  <datafield tag="650" ind1=" " ind2="7">
    <subfield code="a">Alpinismo</subfield>
    <subfield code="z">Rep&#xFA;blica Dominicana</subfield>
  </datafield>
  <datafield tag="650" ind1=" " ind2="7">
    <subfield code="a">Monta&#xF1;ismo</subfield>
    <subfield code="z">Rep&#xFA;blica Dominicana</subfield>
  </datafield>
  <datafield tag="700" ind1="1" ind2=" ">
    <subfield code="a">Lithgow, Federico L.,</subfield>
    <subfield code="e">pr&#xF3;logo </subfield>
  </datafield>
  <datafield tag="910" ind1=" " ind2=" ">
    <subfield code="a">VMateo V. Control de calidad. BPMSU </subfield>
  </datafield>
  <datafield tag="942" ind1=" " ind2=" ">
    <subfield code="2">ddc</subfield>
    <subfield code="c">BK</subfield>
  </datafield>
  <datafield tag="952" ind1=" " ind2=" ">
    <subfield code="0">0</subfield>
    <subfield code="1">0</subfield>
    <subfield code="2">ddc</subfield>
    <subfield code="7">0</subfield>
    <subfield code="8">CD</subfield>
    <subfield code="a">BPMET</subfield>
    <subfield code="b">BPMET</subfield>
    <subfield code="d">2026-02-16</subfield>
    <subfield code="l">0</subfield>
    <subfield code="o">BPMSU CD 796.522 A457r, 1978</subfield>
    <subfield code="p">BPMSU26020097</subfield>
    <subfield code="r">2026-02-16</subfield>
    <subfield code="w">2026-02-16</subfield>
    <subfield code="y">BK</subfield>
  </datafield>
  <datafield tag="999" ind1=" " ind2=" ">
    <subfield code="c">15697</subfield>
    <subfield code="d">15697</subfield>
  </datafield>
</record>
